000 00473nam a2200181Ia 4500
001 3593
005 20260306145654.0
008 260306t1990||||xx |||||||||||||| ||spa||
041 _aESP
082 _a293.1
_bD226
100 _aD Costa, Gavin
_eAUT
245 0 _aChristian uniqueness reconsidered:
_bthe myth of a pluralistic theology of religions
260 _c1990
300 _a218 páginas :
_c23 cm.
650 _aGEN
654 _aCHU
942 _cLIB
_dJUS
_fJUS
_2ddc
_n
999 _c3593
_d3593